Normal view
MARC view
Entry Topical Term
001 - CONTROL NUMBER
- control field: 861862
003 - CONTROL NUMBER IDENTIFIER
- control field: OSt
005 - DATE AND TIME OF LATEST TRANSACTION
- control field: 20260105142719.0
008 - FIXED-LENGTH DATA ELEMENTS
- fixed length control field: 260105|| aca||aabn | a|a d
040 ## - CATALOGING SOURCE
- Original cataloging agency: OSt
- Transcribing agency: OSt
150 ## - HEADING--TOPICAL TERM
- Topical term or geographic name entry element: Sociology
670 ## - SOURCE DATA FOUND
- Source citation: Work cat.: (OSt)622034: Matory J Lorand 315773, Sex and the empire that is no more: gender and the politics of metaphor in oyo yoruba religion, 1994
